00719cam a2200229 a 4500001000800000005001700008008004100025010001700066020002200083040002300105041000800128060001600136080001400152082001800166100000700184101000800191245010300199906004500302942001200347999001700359952011300376146243120180302032618.0861117s1987 mnua 000 0 eng c a 86028204  a0314295208 (pbk.) aDNLM/DLCcDLCdDLC aeng aQU 39 H217b a612.3 HAM00a612.3 HAM2191 a10 aNUT14aThe biochemistry of human nutrition :cEva May Nunnelley Hamilton, Sareen Annora Stepnick Gropper. a7bcbccorignewd1eocipf19gy-gencatlg 2ddccBK c43909d43909 00102udc40708PËKGa002b002cPËKGd2018-03-02l0o612.3 HAMp002-3000500r2018-03-02w2018-03-02yBK